000 00492 a2200169 4500
001 066518
003 OSt
005 20210930163102.0
008
082 _a823
_bN16M
100 1 _aNarayan, R.K.
245 1 _aMalgudi days
_cby R.K. Narayan
260 _aChennai
_bIndian Thought
_c2009
300 _a244p.
690 _aMalgudi (India : Imaginary place); India; City and town life; Manners and customs; Short stories, Indic (English)
942 _2ddc
_cBK
999 _c563
_d563